| 000 | 00469nam a2200157Ia 4500 | ||
|---|---|---|---|
| 003 | GCL | ||
| 008 | 140319s9999 xx 000 0 eng d | ||
| 040 |
_aGCL / _cGCL |
||
| 082 | 0 | 4 |
_a892.7 _bV |
| 100 | 1 | _aCAETANI, L. | |
| 245 | 1 | 0 |
_aSAGGIO DI UN MANUALE DI CRONOLOGIA MUSULMANA ESTRATTO DALLA : CHRONOGRAPHIA ISLAMICA / _cCAETANI, L. |
| 260 |
_a[S.N] : _bTIPOGRAFIA ARTIGIANELLI ، _c1923 |
||
| 300 | _a128 P | ||
| 650 | 0 | 4 | _aARAB COUNTRIES - HISTORY |
| 942 |
_2ddc _cBK |
||
| 999 |
_c12473 _d12473 |
||